Právny rámec ochrany medzinárodných investícií v Európskej únii
Investičné prostredie v Európskej únii. Existujúci právny rámec ochrany investícií v rámci EÚ. Nová legislatívna úprava EÚ týkajúca sa ochrany medzinárodných investícií medzi členskými štátmi EÚ a tretími krajinami. Bilaterálne investičné dohody medzi členskými štátmi EÚ.
Gespeichert in:
| 1. Verfasser: | |
|---|---|
| Format: | Buchkapitel |
| Sprache: | Slowakisch |
| Schlagworte: | |
| Tags: |
Keine Tags, Fügen Sie das erste Tag hinzu!
|
MARC
| LEADER | 00000nla a2200000 4500 | ||
|---|---|---|---|
| 001 | 0175549 | ||
| 005 | 20240502073008.6 | ||
| 041 | 0 | |a slo | |
| 044 | |a SK | ||
| 245 | 1 | 0 | |a Právny rámec ochrany medzinárodných investícií v Európskej únii |c Katarína Brocková |
| 520 | |a Investičné prostredie v Európskej únii. Existujúci právny rámec ochrany investícií v rámci EÚ. Nová legislatívna úprava EÚ týkajúca sa ochrany medzinárodných investícií medzi členskými štátmi EÚ a tretími krajinami. Bilaterálne investičné dohody medzi členskými štátmi EÚ. | ||
| 610 | 2 | 0 | |a politika investičná |
| 610 | 2 | 0 | |a investície |
| 610 | 2 | 0 | |a investície zahraničné |
| 610 | 2 | 0 | |a dohody |
| 610 | 2 | 0 | |a ochrana investícií |
| 610 | 2 | 0 | |a legislatíva |
| 610 | 2 | 0 | |a Európska únia |
| 610 | 2 | 0 | |a krajiny rozvojové |
| 100 | 1 | |a Brocková, Katarína, 1976- | |